• 首页
  • 本馆介绍
  • 公告通知
  • 最新文献
  • 馆藏检索
  • 电子资源
  • 读者导购
  • 参考咨询
  • 我的图书馆
  • 登录
  • 详细信息显示
  • 放入我的书架
  • 预约/预借图书
  • 作者相关作品
  • 分类相关作品
  • 丛书相关作品
  • 出版社相关作品

书目信息

  • 表格格式
  • 工作单格式
  • 卡片格式
题名:
科学发展跨越前进
    
 
作者: 张荣久 主编 ;国家测绘地理信息局 编
分册:  
出版信息: 北京   测绘出版社  2012
页数: 199页
开本: 26cm
丛书名:
单 册:
中图分类: P208.2
科图分类:
主题词: 测绘工作--地理信息系统--成就--中国 , 测绘工作 , 地理信息系统
电子资源:
ISBN: 978-7-5030-2709-3
000 01238nam0 2200265 450
001 2370473440
005 20231129193520.47
010    @a978-7-5030-2709-3@b精装@dCNY69.00
100    @a20130127d2012 em y0chiy50 ea
101 0  @achi
102    @aCN@b110000
105    @aa z 000yy
200 1  @a科学发展跨越前进@Ake xue fa zhan kua yue qian jin@e党的十七大以来我国测绘地理信息事业辉煌成就@f张荣久主编@g国家测绘地理信息局编
210    @a北京@c测绘出版社@d2012
215    @a199页@c图,彩照@d26cm@e1光盘
330    @a本书客观真实地展示了党的十七大以来全国测绘地理信息系统在重点工作、重大项目、重要成果、重大活动、人才队伍建设、党的建设和测绘地理信息文化建设等方面取得的具有深远影响和里程碑意义的巨大成就,记录了各级党政领导对测绘地理信息工作的亲切关怀指导以及新时期测绘地理信息工作者的奋斗历程。
517 1  @a党的十七大以来我国测绘地理信息事业辉煌成就@Adang de shi qi da yi lai wo guo ce hui di li xin xi shi ye hui huang cheng jiu
606 0  @a测绘工作@x地理信息系统@x成就@y中国
606 0  @a测绘工作
606 0  @a地理信息系统
690    @aP208.2@v5
701  0 @a张荣久@Azhang rong jiu@4主编
712 02 @a国家测绘地理信息局@Aguo jia ce hui di li xin xi ju@4编
801  0 @aCN@b山东中教@c20231126
905    @aBZT@dP208.2@e4
    
    科学发展跨越前进:党的十七大以来我国测绘地理信息事业辉煌成就/张荣久主编/国家测绘地理信息局编.-北京:测绘出版社,2012
    199页:图,彩照;26cm+1光盘
    
    
    ISBN 978-7-5030-2709-3(精装):CNY69.00
    本书客观真实地展示了党的十七大以来全国测绘地理信息系统在重点工作、重大项目、重要成果、重大活动、人才队伍建设、党的建设和测绘地理信息文化建设等方面取得的具有深远影响和里程碑意义的巨大成就,记录了各级党政领导对测绘地理信息工作的亲切关怀指导以及新时期测绘地理信息工作者的奋斗历程。
●
相关链接 在五车中查询图书 在当当中查询图书 在豆瓣中查询图书


正题名:科学发展跨越前进     索取号:P208.2/4         预约/预借

序号 登录号 条形码 馆藏地/架位号 状态 备注
1 2001149464   2001149464   中教(第二批第二书库)/山东中教(第二书库)/2633/ [索取号:P208.2/4] 在馆    
2 2001149465   2001149465   中教(第二批第二书库)/山东中教(第二书库)/2633/ [索取号:P208.2/4] 在馆    
3 2001149466   2001149466   中教(第二批第二书库)/山东中教(第二书库)/2633/ [索取号:P208.2/4] 在馆    
4 2001149467   2001149467   中教(第二批第二书库)/山东中教(第二书库)/2633/ [索取号:P208.2/4] 在馆    
5 2001149468   2001149468   中教(第二批第二书库)/山东中教(第二书库)/2633/ [索取号:P208.2/4] 在馆    
6 2001149469   2001149469   中教(第二批第二书库)/山东中教(第二书库)/2633/ [索取号:P208.2/4] 在馆    
7 2001149470   2001149470   中教(第二批第二书库)/山东中教(第二书库)/2633/ [索取号:P208.2/4] 在馆    
8 2001149471   2001149471   中教(第二批第二书库)/山东中教(第二书库)/2633/ [索取号:P208.2/4] 在馆    
9 2001149472   2001149472   中教(第二批第二书库)/山东中教(第二书库)/2633/ [索取号:P208.2/4] 在馆    
10 2001149473   2001149473   中教(第二批第二书库)/山东中教(第二书库)/2633/ [索取号:P208.2/4] 在馆    
11 2001149474   2001149474   中教(第二批第二书库)/山东中教(第二书库)/2633/ [索取号:P208.2/4] 在馆    
12 2001149475   2001149475   中教(第二批第二书库)/山东中教(第二书库)/2633/ [索取号:P208.2/4] 在馆    
13 2001149476   2001149476   中教(第二批第二书库)/山东中教(第二书库)/2633/ [索取号:P208.2/4] 在馆    
14 2001149477   2001149477   中教(第二批第二书库)/山东中教(第二书库)/2633/ [索取号:P208.2/4] 在馆    
山东省滨州职业学院图书馆 欢迎您!
大连网信软件有限公司© 版权所有